000 00844nam a2200301Ia 4500
001 17423
003 IT-RoPAU
008 130308s9999 xx 000 0 und d
040 _aIT-RoPAU
040 _cIT-RoPAU
041 _aITALIANO
100 _aNeroni Giulio
100 _gCodice Aut. SPICS: 3221
245 _aFilmine e diapositive
245 _bVedo Ascolto e Penso-I ragazzi e la Comunicazione Audiovisiva
250 _a1a ed.
260 _aROMA
260 _bAve
260 _c1977 [1° Ed.:1977 - Ed.Ling.Originale:1977]
300 _a"14 p. (prefazione: no ; testo: 14 [pagine: 140-153])"
500 _aVedere e Tradurre Ragazzo di Fronte All'Audiovisivo
650 _aEDUCAZIONE ALLA COMUNICAZIONE SOCIALE
650 _eCodice materia Spics: 3812
942 _cBK
957 _71
999 _c45758
_d45758
999 _bSI
999 _g1